Histoire de l'Europe par périodes - Click Quiz - Statistiques

Statistiques générales
  • Ce quiz a été pris 143 fois
  • Le résultat moyen est 22 sur 40
Statistiques - réponses
Hint Réponse % Correct
Assassinat de Jules César Antiquité
76%
Socrate Antiquité
76%
L'Illiade et l'Odyssée Antiquité
76%
Construction du Colisée Antiquité
74%
Bataille d'Alésia Antiquité
73%
Première démocratie à Athènes Antiquité
73%
Charlemagne Moyen-Âge
72%
Guerre de cent ans Moyen-Âge
70%
Peste noire Moyen-Âge
70%
Conquêtes d'Alexandre le Grand Antiquité
67%
Fondation de Marseille Antiquité
65%
Révolution industrielle Période Contemporaine
64%
Trajan Antiquité
62%
Apogée de l'art Gothique Moyen-Âge
59%
Naissance du communisme Période Contemporaine
59%
Chute de Constantinople Moyen-Âge
58%
Raids vikings Moyen-Âge
58%
Attila Antiquité
56%
Reconquista Moyen-Âge
53%
Naissance des suffragettes Période Contemporaine
53%
Formation du Saint-Empire Moyen-Âge
52%
Printemps des peuples Période Contemporaine
52%
Invention de la photographie Période Contemporaine
52%
Napoléon Période Contemporaine
51%
Grand Schisme Moyen-Âge
50%
Seconde guerre mondiale Période Contemporaine
50%
Fin définitive de la royauté en France Période Contemporaine
50%
Second Empire allemand Période Contemporaine
49%
Philosophes des Lumières Période Moderne
48%
Louis XIV Période Moderne
46%
Romantisme Période Contemporaine
43%
Mise en place du commerce triangulaire Période Moderne
43%
Formation de la Hanse Moyen-Âge
41%
Guerre de trente ans Période Moderne
37%
Frédéric II de Prusse Période Moderne
37%
Bataille de Marignan Période Moderne
36%
Réforme protestante Période Moderne
35%
Charles Quint Période Moderne
30%
Guerres de religion Période Moderne
28%
Apogée de la chasse aux sorcières Période Moderne
21%
Aucun quiz correspondant
Distribution des résultats
% des personnes avec chaque résultat
Percentile par nombre de réponses
Votre historique - résultats
Vous n’avez pas pris ce quiz